1247 1893 1085 2000 1118 1056 1382 1707 1349 1001 1706 1459 1948 1410 1138 1473 1053 1100 1138 1595 1910 1165 1660 1820 1857 1091 1488 1829 1292 1370 1147 1818 1209 1341 1018 1605 1587 1218 1643 1255 1859 1062 1898 1782 1129 1621 1995 1478 1356 1552 1756 1301 1928 1589 1558 1070 1191 1762 1023 1278 1695 1429 1336 1894 1727 1066 1602 1825 1888 1100 1258 1861 1302 1537 1166 1478 1713 1552 1816 1742 1892 1024 1175 1022 1263 1507 1293 1970 1991 1922 1321 1017 1307 1083 1015 1665 1633 1400 1539 BCNSPRNW ULIB Ver.6.0+V

เปลี่ยนเป็นภาษาไทย

Change to English
 แสดงรายละเอียดบรรณานุกรม
  กลับหน้าหลัก

Brief Record : Get Marc (ISO 2709) : E-mail record : QR code < ปิดหน้าต่าง
LEADER : 00000nam 2200000uu 4500
001    13399127180
003     ULIB
008    191019s2018||||th 000 0 tha d
020    ^a9781506237374 (pbk.)
050  4 ^aPE1128^bI22
245 10 ^aIELTS prep plus 2019-2020 /^c[Kaplan]
246 30 ^aKaplan IELTS prep plus 2019-2020
246 30 ^aInternational English Language Testing System prep plus2019-2020
260    ^aNew York :^bKaplan Publishing,^c2018
300    ^avii, 495 p. :^bill. ;^c28 cm. +^e1 CD-ROM
650  0 ^aInternational English Language Testing System^vStudyguides
650  0 ^aEnglish language^xExaminations^vStudy guides
650  0 ^aEnglish language^vTextbooks for foreign speakers
653    ^aIELTS
945    ^p0^l0^i27872
999    ^aกัณชพร จุลอักษร
รายการนี้ยังไม่มีแท็ก
คุณยังไม่ได้ล็อกอิน คุณสามารถมีกิจกรรมร่วมกับเว็บไซต์ได้ แต่ต้องล็อกอินก่อน ::
  ล็อกอิน

รายการสื่อสารสนเทศ

ลำดับที่ ประเภท เลขเรียก/บาร์โค้ด สถานที่ สถานะ
1. วิทยาศาสตร์การแพทย์ และสุขภาพ
วิทยาศาสตร์การแพทย์ และสุขภาพ
PE1128 I22 ฉ.1 
  Barcode: 27872
ห้องสมุดวิทยาเขตนครสวรรค์
►หนังสือทั่วไป:l:General Books
บนชั้น

BibComment


ยังไม่เคยถูกคอมเมนท์

คอมเมนท์ทรัพยากรรายการนี้
  คอมเมนท์: IELTS prep plus ..


 Copyright 2026. Bcnsprnw @Library